Top 5 European Leagues Top Assisters: 2024/25 - Statistics

General Stats
  • This quiz has been taken 28 times
  • The average score is 19 of 32
Answer Stats
League Assists Club Nationality Player % Correct
Premier League 18 Liverpool Egypt Mohamed Salah
96%
Bundesliga 18 Bayern Munich France Michael Olise
93%
Premier League 11 Arsenal England Bukayo Saka
89%
Serie A 11 Milan USA Christian Pulisic
89%
Bundesliga 10 Bayern Munich England Harry Kane
89%
Bundesliga 13 Bayer Leverkusen Germany Florian Wirtz
85%
La Liga 9 Real Madrid England Jude Bellingham
85%
La Liga 15 Barcelona Spain Lamine Yamal
85%
La Liga 10 Real Madrid Brazil Vinicius Junior
85%
Premier League 11 Manchester United Portugal Bruno Fernandes
81%
La Liga 12 Barcelona Brazil Raphinha
81%
Bundesliga 10 Eintracht Frankfurt Egypt Omar Marmoush
74%
Serie A 10 Milan Portugal Rafael Leao
74%
Bundesliga 10 Borussia Dortmund Germany Julian Brandt
70%
Ligue 1 11 PSG France Bradley Barcola
59%
Premier League 11 Brentford Denmark Mikkel Damsgaard
59%
Serie A 10 Napoli Belgium Romelu Lukaku
59%
Bundesliga 11 Freiburg Italy Vincenzo Grifo
59%
Premier League 11 Nottingham Forest Sweden Anthony Elanga
56%
Premier League 11 Aston Villa England Morgan Rogers
52%
Serie A 9 Como Argentina Nico Paz
52%
Serie A 9 Inter Italy Federico Dimarco
48%
Bundesliga 12 Wolfsburg Algeria Mohamed Amoura
44%
Ligue 1 10 Monaco France Maghnes Akliouche
41%
Ligue 1 10 Nantes Nigeria Moses Simon
37%
La Liga 10 Villarreal Spain Alex Baena
33%
Premier League 12 Newcastle England Jacob Murphy
33%
Ligue 1 11 Lyon France Rayan Cherki
30%
Ligue 1 11 Auxerre France Gaetan Perrin
7%
Ligue 1 10 Nice France Jonathan Clauss
7%
Serie A 11 Torino/Atalanta Italy Raoul Bellanova
7%
Bundesliga 10 Borussia Dortmund Germany Pascal Gross
0%
No matching quizzes found
Score Distribution
Percent of People with Each Score
Percentile by Number Answered
Your Score History
You have not taken this quiz